| 000 | 00515nam a2200133Ia 4500 | ||
|---|---|---|---|
| 008 | 220620s9999||||xx |||||||||||||| ||und|| | ||
| 100 | _aDallmeier, Francisco||Bravo, Adriana | ||
| 245 | 0 |
_aAmarakaeri _bConnecting Biodiversity | Conectando la Biodiversidad |
|
| 546 | _aEnglish[eng] | ||
| 650 | _abiodiversity||conservation||environmental management||Amarakaeri Communal Reserve||Madre de Dios||peru||Ecological Impacts | ||
| 700 | _aTweedle, Michael | ||
| 856 | _uhttps://doi.org/10.5479/si.16847062 | ||
| 942 | _cEB | ||
| 999 |
_c25724 _d25724 |
||